书目信息 |
| 题名: |
德国民法典
|
|
| 作者: | 杜景林著 , 卢谌 译 | |
| 分册: | ||
| 出版信息: | 北京 中国政法大学出版社 2014.07 |
|
| 页数: | 553页 | |
| 开本: | 20cm | |
| 丛书名: | ||
| 单 册: | ||
| 中图分类: | D951.63 | |
| 科图分类: | ||
| 主题词: | 法律 | |
| 电子资源: | ||
| ISBN: | 978-7-5620-5513-6 | |
| 000 | 00891nam0 2200229 45 | |
| 001 | 2059011611 | |
| 005 | 20201130094746.33 | |
| 010 | @a978-7-5620-5513-6@dRMB 69.00 | |
| 100 | @a20201126d2014 km y0chiy0120 ea | |
| 101 | 0 | @achi |
| 102 | @aCN@b110000 | |
| 200 | 1 | @a德国民法典@Ade guo min fa dian@f杜景林著, 卢谌译@Fdu jing lin zhu,lu chen yi |
| 210 | @a北京@c中国政法大学出版社@d2014.07 | |
| 215 | @a553页@d20cm | |
| 300 | @a民法 -- 法典 -- 德国 | |
| 330 | @a 本书是杜景林、卢谌两位教授对于《德国民法典》的全编, 即总则、债法、物权、亲属和继承五遍的全面评注。 本评注对法典条文的处理, 主要在于对法典条文作出总体性的、核心性的和实质性的论述和说明, 特别是侧重于规范本身的意旨和目的。 后附部分样章, 请参阅。 | |
| 606 | 0 | @a法律 |
| 690 | @aD951.63@v4 | |
| 701 | 0 | @a杜景林著@Adu jing lin zhu@4译 |
| 701 | 0 | @a卢谌@Alu chen@4译 |
| 801 | 0 | @aCN@bPFT@c20201130 |
| 905 | @a10447@dD951.63@eD823 | |
| 德国民法典/杜景林著, 卢谌译.-北京:中国政法大学出版社,2014.07 |
| 553页;20cm |
| 民法 -- 法典 -- 德国 |
| ISBN 978-7-5620-5513-6:RMB 69.00 |
| 本书是杜景林、卢谌两位教授对于《德国民法典》的全编, 即总则、债法、物权、亲属和继承五遍的全面评注。 本评注对法典条文的处理, 主要在于对法典条文作出总体性的、核心性的和实质性的论述和说明, 特别是侧重于规范本身的意旨和目的。 后附部分样章, 请参阅。 |
| ● |
| 相关链接 |
|
|
|
正题名:德国民法典
索取号:D951.63/D823
 
预约/预借
| 序号 | 登录号 | 条形码 | 馆藏地/架位号 | 状态 | 备注 |
| 1 | 1502374 | 215023748 | 法学院资料室/ [索取号:D951.63/D823] | 在馆 |